00543 2200169 4500245004200000020002200042250001100064100001800075700002200093650002100115005001900136260007600155041001400231084001000245300010900255336000900364 aCoba Dulu, Tora!cSri SarastutihText a978-602-244-942-3 aCet. 1 aSri Sarastuti aHutami Dwijayanti aCerita Bergambar a20240902102741 aJakartabKementerian Pendidikan, Kebudayaan, Riset, dan Teknologic2022 aIndonesia a741.5 aAndika New Basic 16/30, Alphakind, Delight Snowy, Cloudy With a Chance of Love. iv, 36 hlm :b17,5 x 2 ; atext